Uplatnenie noriem STN ISO 2789 a STN ISO 11620 pri kvantifikovaní činnosti knižníc a informačných systémov

Bibliographic Details
Main Author: Kucianová, Anna, 1955- (Author)
Format: Article
Language:Slovak
ISSN:1335-7026
Subjects:
Online Access:http://www.snk.sk/images/snk/casopis_kniznica/2004/maj/220.pdf

MARC

LEADER 00000nab a2200000 a 4500
001 vtls000877611
003 SK-MaSNL
005 20260304131603.0
008 250429c2004 xo 0 slo
015 |a SNBRB2004/07-19994 
035 |a CLN000229163 
035 |a urn:nbn:sk:snk-abbxjj 
035 |a (urnnbn)urn:nbn:sk:snk:ar-000p1t 
035 |a (uuid)4c66bd04-ecf8-4f8c-8e0a-301e86253fff 
040 |a SNKBUCL  |b slo  |c SNKBUCL  |e AACR2 
041 0 |a slo 
044 |a xo  |c SK 
080 |a 02:31  |2 1997 
080 |a 006  |2 1997 
080 |a 31:02  |2 1997 
100 1 |a Kucianová, Anna,  |d 1955-  |4 aut  |9 100855 
245 1 0 |a Uplatnenie noriem STN ISO 2789 a STN ISO 11620 pri kvantifikovaní činnosti knižníc a informačných systémov  |c Anna Kucianová 
504 |a Bibliogr. odkazy 
630 0 7 |a STN ISO 2789  |2 snkbucl  |9 1445073 
630 0 7 |a STN ISO 11620  |2 snkbucl  |9 1445074 
650 0 7 |a knižničná štatistika  |2 snkbucl  |9 1076168 
650 0 7 |a technické normy a štandardy  |2 snkbucl  |9 69944 
655 7 |a články z novín a časopisov  |2 snkbucl  |9 267496 
773 0 |t Knižnica  |g Roč. 5, č. 5 (2004), s. 220-226  |x 1335-7026 
850 |a Slovenská národná knižnica 
852 |a Slovenská národná knižnica 
856 4 1 |u http://www.snk.sk/images/snk/casopis_kniznica/2004/maj/220.pdf 
954 |a odborná, vedecká literatúra pôvodná (slovenská)  |2 lita 
958 |a article15 
958 |a NB 
958 |a KL 
958 |a OND 
958 |a EUIPO 
992 |a RBX 
999 |c 2897194  |d 2899124